| 000 | 01399nam a22002417 4500 | ||
|---|---|---|---|
| 999 |
_c1075 _d1075 |
||
| 003 | AR-BaISA | ||
| 005 | 20220830183612.0 | ||
| 007 | ta | ||
| 008 | 220830s2004 mx ado|| |||| 001 0 spa d | ||
| 020 | _a972604974 | ||
| 040 |
_bspa _cAR-BaISA |
||
| 082 | 0 | 4 |
_222 _a310 L578 |
| 100 | 1 |
_92490 _aLevin, Richard I. |
|
| 245 | 1 | 0 |
_aEstadística para administración y economía / _cRichard I. Levin, David S. Rubin |
| 250 | _a7ª ed. | ||
| 260 |
_aMéxico: _bPearson, _c2004 |
||
| 300 |
_aXVI, 909 p.: _bil., fotos, gráfs., tablas |
||
| 504 | _aÍndice analítico p.: I1 - I4. | ||
| 505 |
_tAgrupación y presentación de datos para expresar significados: tablas y gráficas -- _tMedidas de tendencia central y dispersión en distribuciones de frecuencias -- _tProbabilidad I: ideas introductorias -- _tDistribuciones de probabilidad -- _tMuestreo y distribuciones de muestreo -- _tEstimación -- _tPrueba de hipótesis: prueba de una sola muestra -- _tPrueba de hipótesis: prueba de dos muestras -- _tCalidad y control de la calidad -- _tJi-cuadrada y análisis de varianza -- _tRegresión simple y correlación -- _tRegresión múltiple y modelado -- _tMétodos no paramétricos -- _tSeries de tiempo y pronósticos -- _tNúmeros índice -- _tTeorías de decisiones -- _tEstadística con Excel |
||
| 650 | 1 | 0 |
_9173 _aEstadística y datos numéricos |
| 700 | 1 |
_92491 _aRubin, David S. _eaut. |
|
| 942 |
_2ddc _cLI _e22 |
||